| 000 | 02094cam a2200421 i 4500 | ||
|---|---|---|---|
| 001 | 18727681 | ||
| 003 | NUST | ||
| 005 | 20221220182304.0 | ||
| 008 | 150803s2016 nyu 001 0aeng | ||
| 010 | _a 2015010209 | ||
| 020 | _a9780307959492 (hardcover) | ||
| 020 | _z9780307959508 (ebook) | ||
| 040 |
_aDLC _beng _cDLC _erda _dDLC |
||
| 042 | _apcc | ||
| 043 | _an-us--- | ||
| 050 | 0 | 0 |
_aE897.4.G37 _bA3 2016 |
| 082 | 0 | 0 |
_a352.293092,GAT _aB _223 |
| 100 | 1 |
_aGates, Robert Michael, _d1943- _eauthor. _9105410 |
|
| 245 | 1 | 2 |
_aA passion for leadership : _blessons on change and reform from fifty years of public service / _cRobert M. Gates. |
| 250 | _aFirst edition. | ||
| 264 | 1 |
_aNew York : _bAlfred A. Knopf, _c2016. |
|
| 300 |
_a239 pages ; _c25 cm |
||
| 336 |
_atext _btxt _2rdacontent |
||
| 337 |
_aunmediated _bn _2rdamedia |
||
| 338 |
_avolume _bnc _2rdacarrier |
||
| 505 | 0 | _aWhy bureaucracies so often fail us (Page-3),Where you want to go: "the vision thing" (Page-23), Formulating a strategy (Page-39), Techniques for implementing change (Page-63), It's always about people (Page-98), Stakeholders: friends and foes (Page-131), The agent of change: "mirror, mirror on the wall" (Page-157), Money, money, money: reforming in scarce times (Page-186), Reform: the never-ending story (Page-203), A flaming heart (Page-219). | |
| 600 | 1 | 0 |
_aGates, Robert Michael, _d1943- _9105410 |
| 610 | 1 | 0 |
_aUnited States. _bDepartment of Defense _xOfficials and employees _vBiography. _9105411 |
| 610 | 1 | 0 |
_aUnited States. _bCentral Intelligence Agency _xOfficials and employees _vBiography. _9105412 |
| 610 | 2 | 0 |
_aTexas A & M University System _vBiography. _9105413 |
| 650 | 0 |
_aCabinet officers _zUnited States _vBiography. _9105414 |
|
| 650 | 0 |
_aOrganizational change _zUnited States. _9105415 |
|
| 650 | 0 |
_aLeadership _zUnited States. _9105416 |
|
| 650 | 0 |
_aPublic administration _zUnited States _vAnecdotes. _9105417 |
|
| 650 | 0 |
_aAdministrative agencies _zUnited States _xReorganization. _9105418 |
|
| 651 | 0 |
_aUnited States _xPolitics and government. _98166 |
|
| 942 |
_2ddc _cBK _k352.293092,GAT |
||
| 999 |
_c592747 _d592747 |
||